Ảnh hưởng của bảo hiểm y tế đến chi tiêu cho sức khoẻ của hộ gia đình trên địa bàn quận Ninh Kiều, thành phố Cần Thơ : Luận văn tốt nghiệp Thạc sĩ. Chuyên ngành Tài chính - Ngân hàng
Phân tích thực trạng tham gia bảo hiểm y tế và chi tiêu y tế của hộ gia đình. Đánh giá tác động của bảo hiểm y tế đến chi tiêu cho y tế của hộ gia đình. Đề xuất các biện pháp nhằm đẩy mạnh việc tham gia bảo hiểm y tế của hộ gia đình...
Bewaard in:
| Hoofdauteur: | |
|---|---|
| Formaat: | Boek |
| Taal: | Undetermined |
| Gepubliceerd in: |
Cần Thơ
Trường Đại học Cần Thơ
2019
|
| Onderwerpen: | |
| Tags: |
Voeg label toe
Geen labels, Wees de eerste die dit record labelt!
|
| Thư viện lưu trữ: | Trung tâm Học liệu Trường Đại học Cần Thơ |
|---|
| LEADER | 01297nam a2200217Ia 4500 | ||
|---|---|---|---|
| 001 | CTU_232720 | ||
| 008 | 210402s9999 xx 000 0 und d | ||
| 082 | |a 658.8342 | ||
| 082 | |b Th108 | ||
| 088 | |a 8340201 | ||
| 100 | |a Nguyễn, Thị Thanh Thảo | ||
| 245 | 0 | |a Ảnh hưởng của bảo hiểm y tế đến chi tiêu cho sức khoẻ của hộ gia đình trên địa bàn quận Ninh Kiều, thành phố Cần Thơ : | |
| 245 | 0 | |b Luận văn tốt nghiệp Thạc sĩ. Chuyên ngành Tài chính - Ngân hàng | |
| 245 | 0 | |c Nguyễn Thị Thanh Thảo ; Nguyễn Tuấn Kiệt (Cán bộ hướng dẫn) | |
| 260 | |a Cần Thơ | ||
| 260 | |b Trường Đại học Cần Thơ | ||
| 260 | |c 2019 | ||
| 520 | |a Phân tích thực trạng tham gia bảo hiểm y tế và chi tiêu y tế của hộ gia đình. Đánh giá tác động của bảo hiểm y tế đến chi tiêu cho y tế của hộ gia đình. Đề xuất các biện pháp nhằm đẩy mạnh việc tham gia bảo hiểm y tế của hộ gia đình | ||
| 650 | |a Consumer behavior,Hành vi tiêu dùng | ||
| 910 | |b nthai | ||
| 980 | |a Trung tâm Học liệu Trường Đại học Cần Thơ | ||